[Event "Druzynowe Mistrzostwa Polski Juniorow 2019 - II Liga"]
[Site "Szczyrk"]
[Date "1899-12-30"]
[Round "11.83"]
[White "Zamarska, Sylwia"]
[Black "Jedras, Adrianna"]
[Result "1/2-1/2"]
[WhiteTitle "I++"]
[BlackTitle "I"]
[WhiteElo "1628"]
[BlackElo "1367"]

1. d4 Nf6 2. Bf4 d5 3. e3 e6 4. Nf3 Bd6 5. Bg3 O-O 6. Bd3 c5 7. c3 Nc6 8. Nbd2
b6 9. Ne5 Bxe5 10. dxe5 Nd7 11. Nf3 Qc7 12. O-O h6 13. Re1 Ndxe5 14. Nxe5 Nxe5
15. e4 f6 16. exd5 exd5 17. Bb1 Qf7 18. Qc2 g6 19. Bxe5 Bf5 20. Qd2 fxe5 21. Bxf5
Qxf5 22. Qxd5+ Kh7 23. f3 Rad8 24. Qxe5 Qxe5 25. Rxe5 Rf7 26. Rae1 Rd2 27. R1e2
Rxe2 28. Rxe2 Rd7 29. Kf2 Kg7 30. f4 Kf6 31. g4 Rd3 32. Ke1 h5 33. gxh5 gxh5 34.
Rd2 Rh3 35. Rf2 Kf5 36. Ke2 Rh4 37. Ke1 Rxf4 38. Rxf4+ Kxf4 39. Kf2 h4 40. Kg2
Kg4 41. h3+ Kf4 42. Kf2 Ke4 43. Ke2 c4 44. b3 cxb3 45. axb3 b5 46. Kd2 a5 47.
Kc2 a4 48. bxa4 bxa4 49. Kb2 Kd3 50. Ka3 Kxc3 51. Kxa4 Kd3 52. Kb3 Ke3 53. Kc3
Kf3 54. Kd3 Kg3 55. Ke3 Kxh3 56. Kf3 Kh2 57. Kf2 Kh3 58. Kf3 Kh2 59. Kf2 h3 60.
Kf1 Kg3 61. Kg1 1/2-1/2

[Event "Druzynowe Mistrzostwa Polski Juniorow 2019 - II Liga"]
[Site "Szczyrk"]
[Date "1899-12-30"]
[Round "11.84"]
[White "Golinska, Patrycja"]
[Black "Wasowicz, Anna"]
[Result "1-0"]
[WhiteTitle "I"]
[BlackTitle "II"]
[WhiteElo "1197"]
[BlackElo "1000"]

1. e4 b6 2. d4 Bb7 3. Nc3 e6 4. Nf3 Nf6 5. e5 Nd5 6. Nxd5 Bxd5 7. c4 Bb7 8. d5
d6 9. dxe6 fxe6 10. exd6 Bxd6 11. Qe2 Bxf3 12. Qxe6+ Qe7 13. Qxe7+ Bxe7 14. gxf3
O-O 15. Bg2 Bb4+ 16. Kf1 Re8 17. Be3 Nd7 18. f4 Rab8 19. Bc6 Re7 20. a3 Bd6 21.
Bxd7 Rxd7 22. a4 Bb4 23. Kg2 Rf8 24. Rhd1 Rxd1 25. Rxd1 Bd6 26. Rd4 Rf6 27. Re4
Kf7 28. b3 a5 29. Kf3 h5 30. Bd4 Rg6 31. f5 Rh6 32. Rh4 Be7 33. Rh3 Bf6 34. Be3
Rh8 35. c5 Bd8 36. cxb6 cxb6 37. Ke4 Ke7 38. Bg5+ Kd7 39. Bxd8 Kxd8 40. Kd5 Kd7
41. Rg3 Rh7 42. Rg6 Kc7 43. Re6 Kb7 44. Re7+ Kc8 45. f6 Kd8 46. fxg7 Kxe7 47.
g8=Q Rf7 48. Qg5+ Kd7 49. Qxh5 Rxf2 50. Qh7+ Ke8 51. h4 Rd2+ 52. Kc6 Rf2 53. Qh8+
Kf7 54. Kxb6 Rf6+ 55. Qxf6+ Kxf6 56. Kxa5 Ke7 57. Kb6 Kd7 58. a5 Kc8 59. h5 Kd7
60. a6 Kc8 61. a7 Kd7 62. a8=Q Kd6 63. Qe4 Kd7 64. Qg6 Ke7 65. h6 Kf8 66. Qg7+
Ke8 67. h7 Kd8 68. h8=R# 1-0

[Event "Druzynowe Mistrzostwa Polski Juniorow 2019 - II Liga"]
[Site "Szczyrk"]
[Date "1899-12-30"]
[Round "11.85"]
[White "Stachowicz, Hubert"]
[Black "Majocha, Piotr"]
[Result "0-1"]
[WhiteTitle "III"]
[BlackTitle "I++"]
[WhiteElo "1092"]
[BlackElo "2005"]

1. d4 Nf6 2. c4 g6 3. Nc3 d5 4. e3 Bg7 5. Nf3 O-O 6. h3 dxc4 7. Bxc4 c5 8. O-O
cxd4 9. Nxd4 a6 10. Qf3 e5 11. Nde2 Qc7 12. Bd3 Bd7 13. e4 Bc6 14. Ng3 Nbd7 15.
Qe2 Nc5 16. Bc4 b5 17. Bd5 Rad8 18. Bxc6 Qxc6 19. f4 exf4 20. Bxf4 Ne6 21. Qe3
b4 22. Nce2 Nxf4 23. Nxf4 Ng4 24. Qe2 Nf6 25. Rac1 Qb6+ 26. Kh1 Rfe8 27. b3 a5
28. Rfe1 Bh6 29. Qf3 Qd6 30. Rf1 Bg7 31. Rcd1 Qe7 32. Rxd8 Rxd8 33. Re1 Qe5 34.
Nd3 Qc3 35. Re3 Bh6 36. Nf4 Qc7 37. e5 Bxf4 38. Qxf4 Nd5 39. Qh6 Qc1+ 40. Kh2
Qxe3 41. Qxe3 Nxe3 42. Ne4 Kg7 43. Kg3 Nf5+ 44. Ng5 h6+ 45. Kf3 hxg5 0-1

[Event "Druzynowe Mistrzostwa Polski Juniorow 2019 - II Liga"]
[Site "Szczyrk"]
[Date "1899-12-30"]
[Round "11.86"]
[White "Szydelko, Michal"]
[Black "Bartlomowicz, Jakub"]
[Result "1-0"]
[WhiteTitle "I"]
[BlackTitle "II+"]
[WhiteElo "1843"]
[BlackElo "1633"]

1. e4 e5 2. Nf3 Nc6 3. d4 exd4 4. Nxd4 Bc5 5. Be3 Qf6 6. c3 Nge7 7. g3 O-O 8. Bg2
d6 9. O-O Ne5 10. Nc2 Bxe3 11. Nxe3 Be6 12. Nd2 N7c6 13. Qe2 Nd7 14. f4 Nb6 15.
a4 a5 16. Nf3 h6 17. f5 Bd7 18. Ng4 Qe7 19. f6 Qe6 20. Bh3 Qc4 21. Qxc4 Nxc4 22.
Nxh6+ gxh6 23. Bxd7 N6e5 24. Nxe5 Nxe5 25. Bf5 Ra6 26. Rf4 Ng6 27. Rg4 Kh7 28.
h4 h5 29. Rg5 Kh6 30. Rf1 Ne5 31. Bh3 Rb6 32. Rff5 Rxb2 33. Rxh5+ Kg6 34. Rhg5+
Kh6 35. Rg7 Rb1+ 36. Bf1 Nd7 37. Rgg5 Re8 38. g4 Re6 39. Rh5+ Kg6 40. Rh8 Rxf1+
41. Kxf1 Nxf6 42. Rg5# 1-0

[Event "Druzynowe Mistrzostwa Polski Juniorow 2019 - II Liga"]
[Site "Szczyrk"]
[Date "1899-12-30"]
[Round "11.87"]
[White "Babiarz, Arkadiusz"]
[Black "Bochenek, Ryszard"]
[Result "1-0"]
[WhiteTitle "I++"]
[BlackTitle "II"]
[WhiteElo "1833"]
[BlackElo "1362"]

1. a3 e6 2. c4 d5 3. e3 c5 4. d4 b6 5. Nf3 Nf6 6. Nbd2 Nbd7 7. Bd3 Bb7 8. Qc2 a6
9. Qb1 dxc4 10. Nxc4 b5 11. Nce5 c4 12. Bc2 Rc8 13. Bd2 h6 14. Bg6 fxg6 15. Qxg6+
Ke7 16. Bb4+ Nc5 17. Qf7+ Kd6 18. dxc5+ Rxc5 19. Qxb7 1-0

[Event "Druzynowe Mistrzostwa Polski Juniorow 2019 - II Liga"]
[Site "Szczyrk"]
[Date "1899-12-30"]
[Round "11.88"]
[White "Szuber, Dawid"]
[Black "Jemiola, Jeremi"]
[Result "1-0"]
[WhiteTitle "II"]
[BlackTitle "III"]
[WhiteElo "1340"]
[BlackElo "1000"]

1. e4 e5 2. Nc3 Nf6 3. g3 Bc5 4. Bg2 Nc6 5. Nge2 d6 6. O-O O-O 7. Na4 Bb6 8. Nxb6
axb6 9. d3 Bd7 10. h3 Qc8 11. Kh2 Be6 12. a3 h6 13. f4 Re8 14. f5 Bd7 15. Be3
Qd8 16. Qd2 Kh7 17. Bf3 Rh8 18. Rg1 Qe7 19. Raf1 Kg8 20. g4 Kf8 21. Rg3 Ke8 22.
Rfg1 Kd8 23. g5 Ng8 24. gxh6 Nxh6 25. Rxg7 Qf6 26. Bg5 Ke7 27. Bxf6+ Kxf6 28.
Qg5# 1-0

[Event "Druzynowe Mistrzostwa Polski Juniorow 2019 - II Liga"]
[Site "Szczyrk"]
[Date "1899-12-30"]
[Round "11.89"]
[White "Polak, Sylwia"]
[Black "Wasala, Wiktoria"]
[Result "1-0"]
[WhiteTitle "I+"]
[BlackTitle "I"]
[WhiteElo "1533"]
[BlackElo "1515"]

1. d4 Nf6 2. c4 e5 3. dxe5 Ng4 4. e3 Nxe5 5. Nh3 Bb4+ 6. Nd2 d6 7. Nf4 Qh4 8. Nd5
Bxd2+ 9. Bxd2 Na6 10. Bc3 O-O 11. Qd4 Qxd4 12. Bxd4 Be6 13. f4 Nc6 14. O-O-O Bg4
15. Rd2 Rfe8 16. Bd3 Ncb4 17. Nxb4 Nxb4 18. Bb1 c5 19. Bc3 Rad8 20. e4 Bc8 21.
h3 a6 22. Rhd1 f6 23. Rxd6 Rxd6 24. Rxd6 b5 25. a3 bxc4 26. axb4 cxb4 27. Bxb4
Bb7 28. Ba2 Bxe4 29. Bxc4+ Kh8 30. Re6 Rxe6 31. Bxe6 Bxg2 32. Bc3 Bf1 33. Kd2
h6 34. h4 Bb5 35. Ke3 Kh7 36. Kd4 Kg6 37. Be1 Kh5 38. b4 g5 39. hxg5 hxg5 40.
fxg5 fxg5 41. Bc4 Ba4 42. Bxa6 g4 43. Be2 Kg5 44. Bg3 Kf5 45. Kc5 1-0

[Event "Druzynowe Mistrzostwa Polski Juniorow 2019 - II Liga"]
[Site "Szczyrk"]
[Date "1899-12-30"]
[Round "11.91"]
[White "Derylo, Kamil"]
[Black "Burzak, Wojciech"]
[Result "1-0"]
[WhiteTitle "I+"]
[BlackTitle "I"]
[WhiteElo "2030"]
[BlackElo "1705"]

1. Nf3 d5 2. g3 g6 3. Bg2 Bg7 4. d4 Nf6 5. O-O O-O 6. Nbd2 Nbd7 7. b3 c6 8. Bb2
Re8 9. c4 a6 10. Qc2 b5 11. e4 Bb7 12. Rad1 Rc8 13. Rfe1 Nb6 14. e5 Ng4 15. Bh3
h5 16. e6 f5 17. c5 Na8 18. Nh4 Kh7 19. Ndf3 Bf6 20. Nxf5 Rg8 21. Ne3 Nxe3 22.
Rxe3 Qf8 23. Ne5 Nc7 24. Rf3 Re8 25. g4 Qg7 26. gxh5 1-0

[Event "Druzynowe Mistrzostwa Polski Juniorow 2019 - II Liga"]
[Site "Szczyrk"]
[Date "1899-12-30"]
[Round "11.92"]
[White "Skowron, Mateusz"]
[Black "Derylo, Adam"]
[Result "1-0"]
[WhiteTitle "I"]
[BlackTitle "I"]
[WhiteElo "1594"]
[BlackElo "1460"]

1. e4 c5 2. Nc3 Nc6 3. f4 d6 4. Bb5 Bd7 5. Nf3 Nf6 6. d3 a6 7. Bxc6 Bxc6 8. O-O
e6 9. Qe1 b5 10. Qg3 g6 11. f5 Bg7 12. fxe6 fxe6 13. e5 Nd5 14. Ne4 dxe5 15. Nxe5
Qc7 16. Nxc6 Qxc6 17. Nd6+ Kd7 18. Rf7+ Ne7 19. Bg5 Bd4+ 20. Kh1 Qxd6 21. Rxe7+
Kc6 22. Qf3+ Qd5 23. Rxe6+ 1-0

[Event "Druzynowe Mistrzostwa Polski Juniorow 2019 - II Liga"]
[Site "Szczyrk"]
[Date "1899-12-30"]
[Round "11.93"]
[White "Derylo, Maksymilian"]
[Black "Celebias, Filip"]
[Result "0-1"]
[WhiteTitle "II"]
[BlackTitle "II"]
[WhiteElo "1357"]
[BlackElo "1380"]

1. d4 f5 2. c4 e6 3. Nc3 Nf6 4. Bg5 b6 5. Nf3 Bb7 6. g3 Bb4 7. Bg2 d6 8. O-O Bxc3
9. bxc3 Nbd7 10. Qc2 O-O 11. Rad1 h6 12. Be3 Be4 13. Qb3 Qe8 14. d5 e5 15. Nh4
Bxg2 16. Nxg2 Ng4 17. Qc2 Qh5 18. h4 Nxe3 19. Nxe3 f4 20. Ng2 fxg3 21. fxg3 Qg4
22. Qd3 Nc5 23. Qe3 Qxc4 24. Rf3 Qxa2 25. Rdf1 Qxd5 26. Qf2 Rxf3 27. Qxf3 Qxf3
28. Rxf3 a5 29. Kf1 a4 30. Kg1 0-1

[Event "Druzynowe Mistrzostwa Polski Juniorow 2019 - II Liga"]
[Site "Szczyrk"]
[Date "1899-12-30"]
[Round "11.94"]
[White "Grodzicki, Piotr"]
[Black "Zhydachevskyy, Yulian"]
[Result "1/2-1/2"]
[WhiteTitle "II"]
[BlackTitle "II"]
[WhiteElo "1204"]
[BlackElo "1292"]

1. Nf3 Nf6 2. b3 Nc6 3. Bb2 d5 4. e3 e6 5. Bb5 Bd6 6. d4 a6 7. Bd3 Nb4 8. Be2 c5
9. Nbd2 b5 10. dxc5 Bxc5 11. O-O Bb7 12. c4 bxc4 13. bxc4 O-O 14. Bd4 Bxd4 15.
Nxd4 Nc6 16. Nxc6 Bxc6 17. cxd5 Bxd5 18. Bf3 Qe7 19. Qe2 Rfd8 20. Rfc1 a5 21.
Rc2 Rac8 22. Rxc8 Rxc8 23. Bxd5 Nxd5 24. Nb3 Qa7 25. Qd2 Ra8 26. Rc1 h6 27. h3
a4 28. Nd4 Qa6 29. Rc2 Rb8 30. Rb2 Rb6 31. Rxb6 Qxb6 1/2-1/2

[Event "Druzynowe Mistrzostwa Polski Juniorow 2019 - II Liga"]
[Site "Szczyrk"]
[Date "1899-12-30"]
[Round "11.95"]
[White "Laszczuk, Zuzanna"]
[Black "Mytnik, Kinga"]
[Result "0-1"]
[WhiteTitle "I"]
[BlackTitle "I"]
[WhiteElo "1323"]
[BlackElo "1604"]

1. e4 d6 2. d3 e5 3. g3 Nf6 4. Bg2 Be7 5. Ne2 Nbd7 6. O-O c6 7. Kh1 O-O 8. f4 exf4
9. gxf4 Kh8 10. Rf3 Rg8 11. Rh3 Ng4 12. Qe1 Nf8 13. f5 g6 14. Qf1 gxf5 15. exf5
Bg5 16. Qf3 Bxc1 17. Nxc1 Qb6 18. Rh4 Nf2+ 19. Kg1 Nh3+ 20. Kf1 Qg1+ 21. Ke2 Rxg2+
0-1

[Event "Druzynowe Mistrzostwa Polski Juniorow 2019 - II Liga"]
[Site "Szczyrk"]
[Date "1899-12-30"]
[Round "11.96"]
[White "Skwarczynska, Beata"]
[Black "Majewska, Zuzanna"]
[Result "0-1"]
[WhiteTitle "II"]
[BlackTitle "II"]
[WhiteElo "1000"]
[BlackElo "1000"]

1. e4 c5 2. Nf3 d6 3. d4 cxd4 4. Nxd4 a6 5. Nc3 Nf6 6. Be3 e5 7. Nf3 Nc6 8. Be2
Be6 9. Ng5 Be7 10. Nxe6 fxe6 11. Bc4 Qd7 12. Qd2 b5 13. Bd3 d5 14. exd5 exd5 15.
Nd1 d4 16. Bg5 O-O 17. O-O Ne8 18. Bxe7 Qxe7 19. Re1 Nd6 20. Be4 Nxe4 21. Rxe4
h6 22. c3 dxc3 23. Qxc3 Qf6 24. Qg3 Rfd8 25. Qh4 Qxh4 26. Rxh4 Rd2 27. Re4 Rad8
28. Re1 Nb4 29. Rf1 Kf7 30. Ne3 Rxb2 31. a3 Nc2 32. Nxc2 Rxc2 33. Rfc1 Rxc1+ 34.
Rxc1 Rd3 35. Ra1 a5 36. Kf1 b4 37. axb4 axb4 38. Rb1 Rd4 39. Ke2 Ke6 40. Ke3 g5
41. g3 Kd5 42. Rc1 Rc4 43. Rd1+ Rd4 44. Rc1 b3 45. Rc3 Rb4 46. Rc1 b2 47. Rb1
Kc4 48. Kd2 Kb3 49. f3 Rd4+ 50. Ke2 Kc2 51. Rf1 b1=Q 52. Rxb1 Kxb1 53. Kf1 Rd2
54. Kg1 Kc2 55. h3 Kd3 56. f4 exf4 57. gxf4 gxf4 58. h4 Ke3 59. h5 Ra2 0-1

[Event "Druzynowe Mistrzostwa Polski Juniorow 2019 - II Liga"]
[Site "Szczyrk"]
[Date "1899-12-30"]
[Round "11.97"]
[White "Poziomkowski, Szymon"]
[Black "Laszczak, Przemyslaw"]
[Result "1-0"]
[WhiteTitle "I"]
[BlackTitle "k"]
[WhiteElo "1816"]
[BlackElo "1942"]

1. e4 c6 2. d4 d5 3. Nc3 dxe4 4. Nxe4 Bf5 5. Ng3 Bg6 6. f4 e6 7. Nf3 Bd6 8. Bd3
Ne7 9. O-O O-O 10. Bxg6 hxg6 11. Ng5 Nf5 12. N3e4 Be7 13. c3 Qd5 14. Qf3 f6 15.
Nh3 Nd7 16. Nhf2 c5 17. Be3 cxd4 18. Bxd4 Nxd4 19. cxd4 Nb6 20. Rfd1 Rac8 21.
Qg3 Kf7 22. Nc3 Qf5 23. Ng4 Nd5 24. Rf1 Kg8 25. Ne3 Nxc3 26. Nxf5 Ne2+ 27. Kf2
Nxg3 28. Nxe7+ Kf7 29. Nxc8 Nxf1 30. Nd6+ Ke7 31. Nxb7 Nd2 32. Rc1 Ne4+ 33. Ke3
f5 34. Rc7+ Kf6 35. Nc5 Nxc5 36. dxc5 Rb8 37. b3 a5 38. c6 a4 39. Rb7 Rc8 40.
c7 Ke7 41. b4 Kd7 42. b5 Rxc7 43. Rxc7+ Kxc7 44. Kd4 Kb6 45. Kc4 g5 46. fxg5 e5
47. h4 e4 48. h5 f4 49. h6 f3 50. gxf3 exf3 51. Kd3 gxh6 52. gxh6 Kxb5 53. h7
1-0

[Event "Druzynowe Mistrzostwa Polski Juniorow 2019 - II Liga"]
[Site "Szczyrk"]
[Date "1899-12-30"]
[Round "11.98"]
[White "Czarnomski, Dominik"]
[Black "Kartasiewicz, Igor"]
[Result "1/2-1/2"]
[WhiteTitle "II+"]
[BlackTitle "II"]
[WhiteElo "1541"]
[BlackElo "1000"]

1. e4 e5 2. Nf3 Nc6 3. Bc4 Bc5 4. O-O d6 5. c3 Bg4 6. d3 h6 7. b4 Bb6 8. a4 a6
9. Be3 Nge7 10. Qb3 O-O 11. Nbd2 Qc8 12. d4 exd4 13. cxd4 a5 14. b5 Na7 15. e5
Qd7 16. Rfe1 d5 17. Bd3 Rad8 18. Rac1 Nac8 19. Nh4 Nf5 20. Nxf5 Bxf5 21. f4 Ne7
22. h3 Bxd3 23. Qxd3 Qf5 24. Qe2 Qg6 25. Nf3 Nf5 26. Qf2 Rfe8 27. Nh4 Nxh4 28.
Qxh4 f6 29. Qf2 f5 30. Rc2 Re6 1/2-1/2

[Event "Druzynowe Mistrzostwa Polski Juniorow 2019 - II Liga"]
[Site "Szczyrk"]
[Date "1899-12-30"]
[Round "11.99"]
[White "Cwiek, Ryszard"]
[Black "Krawczak, Patryk"]
[Result "1-0"]
[WhiteTitle "I"]
[BlackTitle "II"]
[WhiteElo "1728"]
[BlackElo "1117"]

1. e4 c5 2. c3 d5 3. exd5 Qxd5 4. d4 Nf6 5. Nf3 Bg4 6. Be2 e6 7. Be3 Nbd7 8. Nbd2
Be7 9. h3 Bh5 10. O-O O-O 11. Nb3 Rac8 12. Rc1 a6 13. c4 Qd6 14. Nxc5 Nxc5 15.
dxc5 Qxd1 16. Rfxd1 Bxc5 17. Bxc5 Rxc5 18. g4 Bg6 19. b4 Rc7 20. Ne5 Rfc8 21.
Bf3 Be4 22. Bxe4 Nxe4 23. Rd4 Ng5 24. h4 f6 25. hxg5 fxe5 26. Re4 Kf7 27. c5 b6
28. Rxe5 a5 29. a3 Rc6 30. f4 g6 31. Kf2 Rd8 32. Ke3 Rd7 33. b5 Rc8 34. c6 Rdc7
35. Rd1 Re8 36. Re4 Rec8 37. Red4 Re8 38. Rd7+ Re7 39. Rxc7 Rxc7 40. Ke4 Kf8 41.
Ke5 Ke7 42. Rd6 Kf7 43. Rd7+ Rxd7 44. cxd7 Ke7 45. d8=Q+ Kxd8 46. Kxe6 Ke8 47.
Kd6 Kd8 48. Kc6 Kc8 49. Kxb6 1-0

[Event "Druzynowe Mistrzostwa Polski Juniorow 2019 - II Liga"]
[Site "Szczyrk"]
[Date "1899-12-30"]
[Round "11.100"]
[White "Olszewski, Antoni"]
[Black "Cwiek, Stefan"]
[Result "1-0"]
[WhiteTitle "II"]
[BlackTitle "II"]
[WhiteElo "1380"]
[BlackElo "1315"]

1. e4 e5 2. Nf3 Nc6 3. Bc4 Bc5 4. O-O Nf6 5. d4 Nxd4 6. Nxe5 O-O 7. Be3 Ne6 8.
Bxe6 Bxe3 9. Bxf7+ Kh8 10. fxe3 d6 11. Ng6+ hxg6 12. Bxg6 Bg4 13. Qd4 Qe7 14.
h3 Be2 15. Rf2 Ba6 16. Nd2 c5 17. Qa4 Nd7 18. Nf3 Ne5 19. Nxe5 Qxe5 20. Rf5 Rxf5
21. exf5 Qxe3+ 22. Kh1 Qe7 23. Qf4 d5 24. Qg3 Rd8 25. Re1 Qf6 26. Qg4 Kg8 27.
Qh5 Qxb2 28. Qh7+ Kf8 29. Qh8# 1-0

[Event "Druzynowe Mistrzostwa Polski Juniorow 2019 - II Liga"]
[Site "Szczyrk"]
[Date "1899-12-30"]
[Round "11.101"]
[White "Zybrant, Sandra"]
[Black "Nowacka, Dorota"]
[Result "0-1"]
[WhiteTitle "II"]
[BlackTitle "I+"]
[WhiteElo "1000"]
[BlackElo "1576"]

1. e4 e6 2. Nc3 d5 3. Nf3 Nf6 4. e5 Nfd7 5. d4 c5 6. dxc5 Bxc5 7. Be2 Nc6 8. Bf4
O-O 9. O-O a6 10. a3 b5 11. b4 Bb6 12. Re1 Bb7 13. Na2 Rc8 14. Bd3 h6 15. Rc1
f6 16. Be3 Bxe3 17. Rxe3 fxe5 18. Bf1 Qf6 19. Re2 e4 20. Nd2 Nd4 21. Re1 Qxf2+
22. Kh1 Ne5 23. Be2 Nxe2 24. Rxe2 Qh4 25. Qe1 Qxe1+ 26. Rexe1 Rf2 27. Red1 e3
28. Nf3 Nxf3 29. gxf3 Rcxc2 30. Rxc2 Rxc2 31. Nc1 e2 32. Re1 d4 33. Nxe2 Rxe2
34. Rxe2 Bxf3+ 35. Kg1 Bxe2 36. Kf2 Bc4 37. Ke1 g5 38. h3 h5 39. Kf2 g4 40. hxg4
hxg4 41. Kg3 d3 42. Kxg4 d2 43. Kg5 d1=Q 44. Kh4 Qg1 45. Kh3 Be2 46. Kh4 Qg4#
0-1

[Event "Druzynowe Mistrzostwa Polski Juniorow 2019 - II Liga"]
[Site "Szczyrk"]
[Date "1899-12-30"]
[Round "11.102"]
[White "Zalewska, Malgorzata"]
[Black "Mielnik, Zofia"]
[Result "1-0"]
[WhiteTitle "I"]
[BlackTitle "IV"]
[WhiteElo "1000"]
[BlackElo "1000"]

1. e4 e5 2. Nf3 Nc6 3. Bc4 Be7 4. d3 Nf6 5. c3 d6 6. O-O O-O 7. h3 h6 8. Nbd2 Bd7
9. Re1 Re8 10. Nf1 Rc8 11. Ng3 a6 12. Bb3 b5 13. a4 Na5 14. axb5 axb5 15. Rxa5
c6 16. Ra1 Qc7 17. Be3 c5 18. c4 bxc4 19. Bxc4 Rcd8 20. Rb1 Bf8 21. Qb3 Bc6 22.
Bd2 Rd7 23. Ra1 Rde7 24. Nf5 Rd7 25. Ba5 Qc8 26. N3h4 Kh8 27. Bxf7 Rxf7 28. Qxf7
Nd7 29. Ng6+ Kh7 30. Nxf8+ Nxf8 31. Qxg7# 1-0

[Event "Druzynowe Mistrzostwa Polski Juniorow 2019 - II Liga"]
[Site "Szczyrk"]
[Date "1899-12-30"]
[Round "11.103"]
[White "Niemier, Hubert"]
[Black "Drozdzal, Michal"]
[Result "1/2-1/2"]
[WhiteTitle "I"]
[BlackTitle "II+"]
[WhiteElo "1764"]
[BlackElo "1447"]

1. d4 Nf6 2. c4 e5 3. dxe5 Ng4 4. Bf4 Bb4+ 5. Nd2 Nc6 6. Ngf3 Qe7 7. e3 Ngxe5 8.
Be2 O-O 9. O-O a5 10. a3 Bd6 11. Bg5 f6 12. Bh4 Nxf3+ 13. Bxf3 Ne5 14. Be2 Kh8
15. Re1 b6 16. f4 Nf7 17. Bf3 Rb8 18. Ne4 Ba6 19. Qd4 Bc5 20. Qc3 Nh6 21. Rab1
Nf5 22. Bf2 a4 23. Nxc5 bxc5 24. e4 Nd4 25. Bxd4 cxd4 26. Qxd4 Qf7 27. c5 Bc4
28. Rbc1 Bb3 29. Bg4 Rfd8 30. Re3 c6 31. Rce1 1/2-1/2

[Event "Druzynowe Mistrzostwa Polski Juniorow 2019 - II Liga"]
[Site "Szczyrk"]
[Date "1899-12-30"]
[Round "11.104"]
[White "Tomkiewicz, Jakub"]
[Black "Chaczynski, Kamil"]
[Result "0-1"]
[WhiteTitle "II"]
[BlackTitle "I"]
[WhiteElo "1270"]
[BlackElo "1738"]

1. f4 d5 2. Nf3 g6 3. e3 Bg7 4. c3 Nf6 5. b3 O-O 6. d4 c5 7. Bb2 Nc6 8. c4 cxd4
9. Nxd4 Nxd4 10. Bxd4 Bf5 11. Nc3 Rc8 12. Nxd5 Nxd5 13. cxd5 Qxd5 14. Bxg7 Qa5+
15. Kf2 Kxg7 16. Qd4+ Kg8 17. Kg3 Rfd8 18. Qa4 Qd2 19. Qxa7 Rc3 20. h3 Rxe3+ 21.
Kh2 Rxh3+ 22. Kg1 Rxh1+ 23. Kxh1 Qc3 24. Qb6 Rd7 25. Bb5 Qxa1+ 26. Kh2 Rd1 27.
Be2 Rh1+ 28. Kg3 Qe1+ 29. Kf3 Bg4+ 30. Kxg4 Qxe2+ 31. Kg3 Qd3+ 32. Kf2 Rf1# 0-1

[Event "Druzynowe Mistrzostwa Polski Juniorow 2019 - II Liga"]
[Site "Szczyrk"]
[Date "1899-12-30"]
[Round "11.105"]
[White "Skrzypinski, Jan"]
[Black "Futyma, Dawid"]
[Result "1-0"]
[WhiteTitle "I"]
[BlackTitle "II"]
[WhiteElo "1400"]
[BlackElo "1073"]

1. e4 c6 2. d4 d5 3. e5 Bf5 4. Nc3 e6 5. Bd3 Bxd3 6. Qxd3 Bb4 7. Be3 Ne7 8. Nge2
O-O 9. O-O-O a5 10. g4 Bxc3 11. Qxc3 b5 12. h4 Qb6 13. f4 b4 14. Qd3 a4 15. f5
Nd7 16. Bg5 Rfe8 17. Bxe7 Rxe7 18. g5 f6 19. fxe6 Rxe6 20. Nf4 Ree8 21. gxf6 gxf6
22. e6 Nf8 23. Rhg1+ Kh8 24. Qg3 Ng6 25. Nxg6+ hxg6 26. Qxg6 Qc7 27. Qh6+ Qh7
28. Qxf6+ Qg7 29. Qxg7# 1-0

[Event "Druzynowe Mistrzostwa Polski Juniorow 2019 - II Liga"]
[Site "Szczyrk"]
[Date "1899-12-30"]
[Round "11.106"]
[White "Tomkiewicz, Szymon"]
[Black "Kaczmarek, Jan"]
[Result "0-1"]
[WhiteTitle "II"]
[BlackTitle "II"]
[WhiteElo "1092"]
[BlackElo "1000"]

1. e4 c5 2. Nf3 g6 3. d4 cxd4 4. Nxd4 Nc6 5. Nc3 Bg7 6. Be3 Nf6 7. Bd3 O-O 8. O-O
d5 9. Nxc6 bxc6 10. exd5 cxd5 11. Bd4 Bb7 12. Rb1 a6 13. Re1 Qc7 14. Qe2 Rfe8
15. Be5 Qd7 16. Bd4 e6 17. Qf3 Nh5 18. Bxg7 Nxg7 19. Qe2 Qc6 20. f3 Qd6 21. b3
Qc5+ 22. Kh1 Qxc3 23. Qe3 Nf5 24. Qf4 Qg7 25. Qb4 Reb8 26. Qf4 Qh6 27. Qe5 Qg7
28. Qf4 d4 29. Re2 Bd5 30. Bxa6 Rf8 31. Bd3 Rxa2 32. Bxf5 gxf5 33. Rd2 Rd8 34.
b4 Rda8 35. h3 Ra1 36. Rxa1 Rxa1+ 37. Kh2 Rb1 38. Qb8+ Qf8 39. Qxf8+ Kxf8 40.
Rxd4 Rc1 41. Rd2 Kg7 42. Kg3 Bc6 43. Kf4 Ba4 44. Ke5 Rxc2 45. Rxc2 Bxc2 46. g4
fxg4 47. hxg4 Ba4 48. f4 Bd1 49. g5 Bf3 50. b5 Kg6 51. b6 Bg2 52. Kd6 h5 53. gxh6
Kxh6 54. Ke7 Kg6 55. Kf8 f6 56. Ke7 Kf5 57. Kf7 Ba8 58. Ke7 e5 59. fxe5 fxe5 60.
Kd7 e4 61. Kc7 e3 62. b7 Bxb7 63. Kxb7 e2 64. Kc6 e1=Q 65. Kd5 Qd1+ 66. Kc4 Ke4
67. Kb4 Kd4 68. Ka3 Kc3 69. Ka2 Qb3+ 70. Ka1 Qb2# 0-1

[Event "Druzynowe Mistrzostwa Polski Juniorow 2019 - II Liga"]
[Site "Szczyrk"]
[Date "1899-12-30"]
[Round "11.107"]
[White "Niemier, Martyna"]
[Black "Mazurek, Maja"]
[Result "1-0"]
[WhiteTitle "II"]
[BlackTitle "I"]
[WhiteElo "1163"]
[BlackElo "1294"]

1. d4 d5 2. c4 c6 3. Nf3 Nf6 4. Nc3 Bg4 5. Ne5 e6 6. h3 Bf5 7. g4 Bg6 8. h4 h6
9. Nxg6 fxg6 10. Qc2 Kf7 11. Bh3 dxc4 12. Be3 Nbd7 13. g5 Nd5 14. Qe4 Qe8 15.
Nxd5 exd5 16. Qf4+ Kg8 17. Qc7 Nb6 18. a4 Rb8 19. Bf4 Rd8 20. Qxb7 Qe4 21. Rg1
Qxf4 22. Be6+ Kh7 23. gxh6 Kxh6 24. h5 Kxh5 25. Qxa7 Qxd4 26. Qf7 Qe4 27. Bg4+
Kh6 28. Bf3 Qf5 29. Qc7 Re8 30. Qh2+ Qh5 31. Bxh5 gxh5 32. Qf4+ Kh7 33. Qg5 Kg8
34. Qg6 Re7 35. Qxc6 1-0

[Event "Druzynowe Mistrzostwa Polski Juniorow 2019 - II Liga"]
[Site "Szczyrk"]
[Date "1899-12-30"]
[Round "11.108"]
[White "Futyma, Klaudia"]
[Black "Gac-mytych, Sara"]
[Result "0-1"]
[WhiteTitle "II"]
[BlackTitle "II"]
[WhiteElo "1000"]
[BlackElo "1043"]

1. e4 e5 2. Nf3 Nc6 3. Bb5 a6 4. Bxc6 dxc6 5. O-O Bd6 6. d3 Be6 7. Bg5 f6 8. Bh4
Ne7 9. Nbd2 Qd7 10. Qe2 b6 11. Rfe1 a5 12. Rad1 g5 13. Bg3 h5 14. h4 g4 15. Nh2
O-O-O 16. a3 Rdf8 17. f3 Bc5+ 18. Kh1 Rhg8 19. c3 gxf3 20. Qxf3 Bg4 21. Nxg4 Qxg4
22. Qxg4+ Rxg4 23. Bh2 Rxh4 24. b4 Bf2 25. Rf1 Bg3 26. Nf3 Rg4 27. bxa5 bxa5 28.
Rb1 Bxh2 29. Nxh2 Rg3 30. Rbd1 Rd8 31. Rf3 Rxf3 32. Nxf3 Ng6 33. Kh2 Nf4 34. Ne1
Ne2 35. c4 Rg8 36. Rd2 Nf4 37. g3 Ne6 38. Kh3 Rh8 39. Rf2 Rh6 40. g4 hxg4+ 41.
Kxg4 Kd7 42. Ng2 Ke7 43. Nh4 Kf7 44. Nf5 Rg6+ 45. Kh5 Nf4+ 46. Kh4 Nxd3 47. Rf3
Ne1 48. Rf2 Ng2+ 49. Kh5 Rg5+ 50. Kh6 Nf4 51. Rh2 Rg6+ 52. Kh7 Rg2 53. Rh4 Ra2
54. Nh6+ Ke6 55. Nf5 Rxa3 56. Ng7+ Kd6 57. Ne8+ Ke7 58. Nxc7 Rh3 59. Rxh3 Nxh3
60. Na6 Ng5+ 0-1

[Event "Druzynowe Mistrzostwa Polski Juniorow 2019 - II Liga"]
[Site "Szczyrk"]
[Date "1899-12-30"]
[Round "11.109"]
[White "Michalowski, Patryk"]
[Black "Grzegorski, Michal"]
[Result "0-1"]
[WhiteTitle "I"]
[BlackTitle "I"]
[WhiteElo "1674"]
[BlackElo "1763"]

1. e4 c5 2. Nf3 d6 3. d4 cxd4 4. Nxd4 Nf6 5. Nc3 a6 6. Bg5 e6 7. Bc4 b5 8. Bb3
Nbd7 9. f4 Bb7 10. Qe2 Qb6 11. O-O-O Nc5 12. Bxf6 Nxb3+ 13. Nxb3 gxf6 14. f5 b4
15. Nb1 e5 16. N1d2 a5 17. Nc4 Qc7 18. Qd3 a4 19. Nbd2 Ra6 20. Ne3 Bh6 21. Nd5
Bxd5 22. exd5 Ra5 23. Kb1 Ke7 24. Ne4 Rc8 25. Qe2 b3 26. cxb3 axb3 27. a3 Qc2+
0-1

[Event "Druzynowe Mistrzostwa Polski Juniorow 2019 - II Liga"]
[Site "Szczyrk"]
[Date "1899-12-30"]
[Round "11.110"]
[White "Klaska, Szymon"]
[Black "Twardowski, Jakub"]
[Result "1-0"]
[WhiteTitle "III"]
[BlackTitle "III"]
[WhiteElo "1332"]
[BlackElo "1000"]

1. e4 e5 2. Nf3 Nc6 3. d4 f6 4. dxe5 fxe5 5. Nc3 Bc5 6. Bc4 d6 7. h3 Nf6 8. Ng5
Nd7 9. Bf7+ Ke7 10. Nd5+ Kf8 11. Ne6+ Kxf7 12. Nxd8+ Rxd8 13. Qh5+ Kg8 14. O-O
g6 15. Qg5 Rf8 16. Be3 Bd4 17. c3 Bxe3 18. fxe3 Rxf1+ 19. Rxf1 Nc5 20. Qf6 Be6
21. b4 Bxd5 22. exd5 Ne4 23. Qf7+ Kh8 24. dxc6 bxc6 25. Qxc7 Ng3 26. Rf7 Ne2+
27. Kh2 Re8 28. Rxh7+ Kg8 29. Qf7# 1-0